000
00204 a2200109 4500
020
_a
9788444169620
041
_a
spa
100
_a
Webster, Christy
245
_a
Equipo Verde
942
_c
BK
952
_7
4
999
_c
20717
_d
20717